Normal view
MARC view
- Maj Dr Muhammad Jawed Iqbal
Entry Personal Name
001 - CONTROL NUMBER
- control field: 50803
003 - CONTROL NUMBER IDENTIFIER
- control field: NUST
005 - DATE AND TIME OF LATEST TRANSACTION
- control field: 20210314134804.0
008 - FIXED-LENGTH DATA ELEMENTS
- fixed length control field: 210314|| aca||aabn | a|a d
040 ## - CATALOGING SOURCE
- Original cataloging agency: NUST
- Transcribing agency: NUST
100 ## - HEADING--PERSONAL NAME
- Personal name: Maj Dr Muhammad Jawed Iqbal
670 ## - SOURCE DATA FOUND
- Source citation: Work cat.: (NUST): Huzaifa Javed 50802, Performance evaluation of antispripping modified concrete using a nano-product "Zycosoil:, 2015.
